[Event "Vinnytsia Winter IM"]
[Site "Vinnytsia"]
[Date "2022.01.05"]
[Round "6"]
[White "Sedlov, Aleksei"]
[Black "Itkis, Boris"]
[Result "0-1"]
[WhiteElo "1787"]
[BlackElo "2343"]
[PlyCount "86"]
[EventDate "2022.01.02"]
[EventType "tourn"]
[EventRounds "9"]
[EventCountry "UKR"]
[SourceTitle "EXT 2023"]
[Source "ChessBase"]
[SourceDate "2022.10.05"]
[SourceVersion "1"]
[SourceVersionDate "2022.10.05"]
[SourceQuality "1"]

1. d4 Nf6 2. c4 e6 3. Nf3 c5 4. d5 exd5 5. cxd5 d6 6. Nc3 g6 7. e4 Bg7 8. Bd3 0-0 9. 0-0 Bg4 10. h3 Bxf3 11. Qxf3 Nbd7 12. Qe2 a6 13. a4 Re8 14. Be3 Rc8 15. f3 Nh5 16. Qf2 f5 17. Ne2 Ne5 18. Bc2 Nc4 19. Rab1 Nxe3 20. Qxe3 Ng3 21. Rfe1 Qh4 22. Qf2 Nxe2+ 23. Qxe2 Qg3 24. f4 Qxf4 25. Qf3 Bd4+ 26. Kh1 Qh4 27. Re2 fxe4 28. Rxe4 Rxe4 29. Qxe4 Qxe4 30. Bxe4 Re8 31. Bf3 Re3 32. b3 h5 33. Kh2 b5 34. Kh1 Kg7 35. Kh2 Kf6 36. axb5 axb5 37. Rf1 Ke5 38. Rb1 c4 39. bxc4 bxc4 40. Rc1 c3 41. Kh1 Rxf3 42. gxf3 Kxd5 43. Kg2 Kc4 0-1